| 000 | 01100cam a2200205 4500 | ||
|---|---|---|---|
| 001 | ABS65636 | ||
| 008 | 020620n2002 000 0 eng u | ||
| 035 | _a(Sirsi) u118487 | ||
| 245 | _aBisichi Mining Ltd v Bass Holdings Ltd | ||
| 260 | _c2002 | ||
| 490 |
_aEstates Gazette Law Reports _v[2002] 18 EG 159, 159-161(3) |
||
| 520 | _aChD 11 February 2002. By the rent review clause of the sublease between the parties, the lessor granted to the claimant ' the remainder of a term of 125 years from 21 December 1960. The "redendum" provided for the rents payable during the first and second 40 years of the term. The issue that arose was in establishing the date of the first rent review and the identification of the 'said term'. At arbitration, it was found that the said term commenced on 21 December 2002. The appellant appealed. "Held" the appeal was allowed. | ||
| 590 | _aABS | ||
| 650 | _aBISICHI MINING LTD V BASS HOLDINGS LTD | ||
| 650 | _aRENT REVIEWS | ||
| 650 | _aCOMMENCEMENT DATES | ||
| 650 | _aUNDERLEASES | ||
| 690 | _aLANDLORD AND TENANT-RENT REVIEWS-CASE LAW | ||
| 942 | _n0 | ||
| 999 |
_c70540 _d70540 |
||